फणीश्वरनाथ रेणू और सतीनाथ भादुडृी के उपन्यासों का तुलनात्मक अध्ययन (Record no. 65399)

MARC details
000 -LEADER
fixed length control field 00533nam a2200133Ia 4500
008 - FIXED-LENGTH DATA ELEMENTS--GENERAL INFORMATION
fixed length control field 230917s9999||||xx |||||||||||||| ||und||
040 ## - CATALOGING SOURCE
-- 159547
Original cataloging agency VIVEKANANDA LIBRARY
041 ## - Language
-- English
082 ## - DDC NUMBER
Classification number 891.43371109 RF298:BR
100 ## - MAIN ENTRY--PERSONAL NAME
Personal name बहल, रश्मि
245 #0 - TITLE STATEMENT
Title फणीश्वरनाथ रेणू और सतीनाथ भादुडृी के उपन्यासों का तुलनात्मक अध्ययन
260 ## - PUBLICATION, DISTRIBUTION, ETC. (IMPRINT)
Name of publisher, distributor, etc दिल्ली
Date of publication, distribution, etc सूर्य- प्रकाशन
942 ## - ADDED ENTRY ELEMENTS (KOHA)
Koha item type Hindi Books
Holdings
Withdrawn status Lost status Damaged status Not for loan Location (home branch) Sublocation or collection (holding branch) Date acquired Koha issues (times borrowed) Koha full call number Accession No. Koha date last seen Koha item type
        VIVEKANANDA LIBRARY VIVEKANANDA LIBRARY 07/08/2010   891.43371109 RF298:BR 137729 17/09/2023 Hindi Books
© Designed and Maintained by Vivekananda Library, MDU Rohtak